Maps dans Rocket League - Statistiques

Statistiques générales
  • Ce quiz a été pris 135 fois
  • Le résultat moyen est 4 sur 16
Statistiques - réponses
Par images Réponse % Correct
AquaDome
65%
Neo Tokyo
60%
Champions Field
49%
DFH Stadium
48%
Farmstead
36%
Mannfield
35%
Salty Shores
29%
Forbidden Temple
28%
Estadio Vida
17%
Wasteland
16%
Beckwith Park
13%
Deadeye Canyon
13%
Utopia Coliseum
12%
Sovereign Heights
10%
Drift Woods
7%
Urban Central
3%
Aucun quiz correspondant
Distribution des résultats
% des personnes avec chaque résultat
Percentile par nombre de réponses
Votre historique - résultats
Vous n’avez pas pris ce quiz